|
|
|
|
| LEADER |
00000nas a2200000 a 4500 |
| 001 |
ssj0000397784 |
| 003 |
WaSeSS |
| 005 |
20200512172242.0 |
| 006 |
m d |
| 007 |
cr n |
| 008 |
090428c20089999nz x p s 0 a0eng c |
| 010 |
|
|
|a 2010247829
|
| 022 |
|
|
|a 1178-7082
|l 1178-7082
|
| 035 |
|
|
|a (WaSeSS)ssj0000397784
|
| 040 |
|
|
|a NZ1
|b eng
|c NZ1
|d OCLCQ
|d PFM
|d CUS
|d OCLCQ
|d CUS
|d OCLCF
|d OCLCO
|d EUW
|d OCLCO
|d OCLCQ
|d OCLCO
|d OCLCQ
|d UAB
|d LIP
|d OCLCO
|d WT2
|d OCLCQ
|d AU@
|d OCLCO
|d VT2
|d OCLCQ
|d OCLCO
|d OCLCA
|d SFB
|d WaSeSS
|
| 042 |
|
|
|a pcc
|
| 050 |
1 |
4 |
|a RD1
|
| 082 |
0 |
4 |
|a 617.005
|2 22
|
| 210 |
1 |
|
|a Open access surg.
|b (Auckl.)
|
| 222 |
|
0 |
|a Open access surgery
|b (Auckland)
|
| 245 |
0 |
0 |
|a Open access surgery
|h [electronic resource].
|
| 260 |
|
|
|a Auckland, N.Z. :
|b Dove Medical Press,
|c 2008-
|
| 310 |
|
|
|a Irregular
|
| 362 |
1 |
|
|a Began with vol. 1 (2008).
|
| 506 |
|
|
|a License restrictions may limit access.
|
| 515 |
|
|
|a Articles added irregularly during the year and collected into annual issues.
|
| 588 |
0 |
|
|a Vol. 1 (2008); title from journal home page (viewed May 8, 2009).
|
| 588 |
1 |
|
|a Vol. 3 (2010) (Oct. 22, 2010).
|
| 650 |
|
0 |
|a Surgery
|v Periodicals.
|
| 650 |
|
0 |
|a Operations, Surgical
|v Periodicals.
|
| 650 |
|
2 |
|a Surgical Procedures, Operative.
|
| 650 |
|
2 |
|a General Surgery.
|
| 650 |
|
7 |
|a Surgery.
|2 ebps
|
| 650 |
|
7 |
|a Operations, Surgical.
|2 fast
|0 (OCoLC)fst01046401
|
| 650 |
|
7 |
|a Surgery.
|2 fast
|0 (OCoLC)fst01139351
|
| 655 |
|
0 |
|a Electronic journals.
|
| 856 |
4 |
0 |
|z Full text available from Research Library: 01/01/2008 to present
|u https://search.proquest.com/publication/3933315
|